Capability of three-phase induction motor on continuous single-phase operation

Bibliographic Details
Main Author: Abdel-Hamid, Azza M.N (Author)
Format: Article
Language:Slovak
English
PhysicalDescription:Grafy, sch.
ISSN:1335-3632
Subjects:

MARC

LEADER 00000nab a2200000 a 4500
001 vtls000868917
003 SK-MaSNL
005 20260304120702.0
008 250429c2003 xo 0 slo
015 |a SNBRB2004/04-11345 
035 |a CLN000220469 
035 |a urn:nbn:sk:snk-abs2u 
035 |a (urnnbn)urn:nbn:sk:snk:ar-a03qxu 
035 |a (uuid)3a92b45b-7b11-4df9-a28e-248db3820776 
040 |a SNKBUCL  |b slo  |c SNKBUCL  |e AACR2 
041 0 |a eng 
044 |a xo  |c SK 
080 |a 621.313.333  |2 1997 
100 1 |a Abdel-Hamid, Azza M.N.  |4 aut  |9 1424935 
245 1 0 |a Capability of three-phase induction motor on continuous single-phase operation  |c Azza M.N. Abdel-Hamid 
300 |b Grafy, sch. 
504 |a Bibliogr. odkazy 
504 |a Res. angl. 
650 0 7 |a motory indukčné  |x chod jednofázový  |2 snkbucl  |9 1424936 
655 7 |a články z novín a časopisov  |2 snkbucl  |9 267496 
773 0 |t Journal of electrical engineering  |g Roč. 54, č. 11-12 (2003), s. 281-286  |x 1335-3632 
850 |a Slovenská národná knižnica 
852 |a Slovenská národná knižnica 
958 |a article27 
958 |a NB 
958 |a OND 
958 |a EUIPO 
999 |c 2881024  |d 2882954